000 02363nab a2200217 ab4500
005 20221019063527.0
008 220609c2021 ck|fr|p|o|||| 00| 0 spa d
040 _aMX-MxUPN
_bspa
_eaacr2
100 1 _944992
_aConde-Carmona, Robinson
100 1 _944993
_aPadilla-Escorcia, Iván
245 _aAprender matemáticas en tiempos del COVID-19: Un estudio de caso con estudiantes universitarias
_h[recurso electrónico en línea]
506 0 _aAcceso abierto
520 3 _aObjetivo: Analizar las percepciones de estudiantes universitarias sobre el aprendizaje de las matemáticas, específicamente de un curso de Cálculo Integral (Cálculo II), en el contexto de la pandemia por Covid-19 y el efecto que tuvo la transición de la presencialidad a la virtualidad. Método: Se realizó un estudio de caso con dos participantes, de contextos socioeconómicos y universidades diferentes. Se validaron los instrumentos mediante el método Dephi para mayor fiabilidad y confianza en los datos. Resultados: Se encontró que hubo discrepancias en la percepción de las participantes sobre el servicio prestado por las universidades. También hubo diferencias en la percepción de la forma como recibían las clases, el acceso a estas debido a la conectividad y a los equipos electrónicos con los que contaban. Para la estudiante 2, residente de un barrio tipificado como estrato cinco, el aprendizaje de Cálculo Integral en tiempos de pandemia, resultó un espacio para fomentar a la autonomía y auto estudio de una asignatura compleja como esta. En el caso de la estudiante 1, residente de un barrio tipificado como estrato uno, hubo la percepción de que el aprendizaje fue limitado, hubo desmotivación y críticas a la modalidad e-learning en el aprendizaje de asignaturas afines a la matemática. Discusión y Conclusiones: Se concluyó que, el estrato socioeconómico de las estudiantes y la disponibilidad de recursos tanto por parte de estas como de la universidad en donde estudian, influyeron en las percepciones sobre las clases virtuales.
650 2 _aEducación en línea (Internet)
_95218
653 _aCovid-19
653 _aEducación virtual
653 _aAprendizaje de la matemática
773 _gVol. 23, no. 40 (2021) p. 1-19
_tEducación y humanismo
_x0124-2121
856 4 0 _uhttps://doi.org/10.17081/eduhum.23.40.4380
942 _cART-E
999 _c208583
_d208583